[Event "Ramat Gan Purim Rapid op"]
[Site "Ramat Gan"]
[Date "2023.03.06"]
[Round "1"]
[White "Shlaen, Rem"]
[Black "Yaniv, Ori"]
[Result "0-1"]
[WhiteElo "1900"]
[BlackElo "2151"]
[PlyCount "69"]
[EventDate "2023.03.06"]
[EventType "swiss (rapid)"]
[EventRounds "5"]
[EventCountry "ISR"]
[SourceTitle "CBM 213 Extra"]
[Source "ChessBase"]
[SourceDate "2023.05.31"]
[SourceVersion "1"]
[SourceVersionDate "2023.05.31"]
[SourceQuality "1"]

1. e4 c5 2. Nf3 d6 3. d4 cxd4 4. Nxd4 Nf6 5. Nc3 a6 6. Bg5 Nbd7 7. f4 Qc7 8. Qf3 b5 9. 0-0-0 Bb7 10. Bxf6 Nxf6 11. Bd3 g6 12. g4 b4 13. Nce2 Bg7 14. g5 Nd7 15. Nb3 a5 16. Nbd4 a4 17. Rhe1 0-0 18. h4 b3 19. a3 bxc2 20. Rd2 Nc5 21. Rxc2 Qa5 22. Rh1 e5 23. Nb5 Nb3+ 24. Kd1 Rac8 25. Nec3 Ba6 26. Rhh2 exf4 27. h5 Rc5 28. hxg6 hxg6 29. Qh3 Rd8 30. Qh7+ Kf8 31. Rh6 Bxb5 32. Bxb5 Rxb5 33. Rxg6 fxg6 34. Qxg6 Rxg5 35. Qe6 0-1

[Event "World School-ch U15 8th"]
[Site "Iasi"]
[Date "2012.05.04"]
[Round "7"]
[White "Shlaen, Rem"]
[Black "Kumara, TGVSH"]
[Result "0-1"]
[WhiteElo "1604"]
[BlackElo "1717"]
[PlyCount "50"]
[EventDate "2012.04.28"]
[EventType "swiss"]
[EventRounds "9"]
[EventCountry "ROU"]
[SourceTitle "EXT 2013"]
[Source "ChessBase"]
[SourceDate "2012.11.22"]
[SourceVersion "1"]
[SourceVersionDate "2012.11.22"]
[SourceQuality "1"]

1. e4 e5 2. Nf3 Nc6 3. d4 exd4 4. Bc4 Bc5 5. 0-0 d6 6. c3 dxc3 7. b4 Bxb4 8. Qb3 Qe7 9. Ng5 Nh6 10. Nxc3 Bxc3 11. Qxc3 Qe5 12. Qb3 0-0 13. f4 Qe7 14. Bb2 Kh8 15. Qg3 f6 16. Qh4 Bd7 17. h3 fxg5 18. Qxh6 gxf4 19. Rxf4 Ne5 20. Bxe5 Qxe5 21. Raf1 gxh6 22. Rxf8+ Rxf8 23. Rxf8+ Kg7 24. Rf7+ Kg6 25. Rxd7 Qd4+ 0-1

[Event "World School-ch U15 8th"]
[Site "Iasi"]
[Date "2012.05.02"]
[Round "5"]
[White "Taalaibekov, Tagir"]
[Black "Shlaen, Rem"]
[Result "1-0"]
[WhiteElo "1817"]
[BlackElo "1604"]
[PlyCount "58"]
[EventDate "2012.04.28"]
[EventType "swiss"]
[EventRounds "9"]
[EventCountry "ROU"]
[SourceTitle "EXT 2013"]
[Source "ChessBase"]
[SourceDate "2012.11.22"]
[SourceVersion "1"]
[SourceVersionDate "2012.11.22"]
[SourceQuality "1"]

1. d4 Nf6 2. Bg5 g6 3. Nc3 d5 4. Bxf6 exf6 5. e3 c6 6. Bd3 Bd6 7. Nge2 0-0 8. Qd2 Be6 9. 0-0-0 Qa5 10. Rdg1 b5 11. Kb1 Nd7 12. g4 Nb6 13. f4 Nc4 14. Qc1 Rfb8 15. f5 Bd7 16. e4 b4 17. Bxc4 dxc4 18. Nd1 Rb6 19. Qd2 c3 20. Qe3 Rab8 21. g5 Ra6 22. Kc1 cxb2+ 23. Nxb2 Qa3 24. Qd2 b3 25. cxb3 Rxb3 26. axb3 Bb4 27. Qe3 Qa1+ 28. Kc2 Ba3 29. Nd3 Qa2+ 1-0